<The> world economy resources, location, trade, and development
Na minha lista:
| Autor principal: | |
|---|---|
| Outros Autores: | |
| Formato: | Livro |
| Idioma: | inglês |
| Publicado em: |
Upper Saddle River
Pearson Prentice Hall
2007
|
| Edição: | 5th ed. |
| Assuntos: | |
| Tags: |
Sem tags, seja o primeiro a adicionar uma tag!
|
MARC
| LEADER | 00000nam$a2200000$$$4500 | ||
|---|---|---|---|
| 001 | 0065431 | ||
| 005 | 20240315115814.6 | ||
| 020 | |a 0-13-243689-2 | ||
| 041 | 0 | |a eng | |
| 044 | |a US | ||
| 245 | 1 | 0 | |a <The> world economy |b resources, location, trade, and development |c Fredrick P. Stutz, Barney Warf |
| 250 | |a 5th ed. | ||
| 264 | 1 | |a Upper Saddle River |b Pearson Prentice Hall |c 2007 | |
| 300 | |a 525 s. | ||
| 610 | 2 | 0 | |a hospodárstvo svetové |
| 610 | 2 | 0 | |a geografia hospodárska |
| 610 | 2 | 0 | |a kapitalizmus |
| 610 | 2 | 0 | |a vývoj |
| 610 | 2 | 0 | |a populácia |
| 610 | 2 | 0 | |a zdroje prírodné |
| 610 | 2 | 0 | |a prostredie životné |
| 610 | 2 | 0 | |a poľnohospodárstvo |
| 610 | 2 | 0 | |a výroba |
| 610 | 2 | 0 | |a služby |
| 610 | 2 | 0 | |a doprava |
| 610 | 2 | 0 | |a mestá |
| 610 | 2 | 0 | |a urbanizmus |
| 610 | 2 | 0 | |a obchod medzinárodný |
| 100 | 1 | |a Stutz, Frederick P. | |
| 700 | 1 | |a Warf, Barney | |